000
00261nam a2200109 a 4500
008
101210s1950|||| d
245
1
0
_a
Svadba pod Tatrami
260
_b
Tranoscius
_a
Liptovský Mikuláš
_c
1950
020
_c
330
044
_a
xo
_c
SK
041
_a
slo
999
_c
15086
_d
15086